000 00550nam a22001697a 4500
999 _c14078
_d14078
008 160926b xxu||||| |||| 00| 0 eng d
020 _a0816039127
050 _aREF QC 5 .F34 1999
100 _a[edited by Daintith, John]
245 _aThe facts on files dictionary of physics/
_cJohn Daintith and John Clark.
250 _a3rd ed.
260 _aTampa:
_bAlonso high media center,
_c1999.
300 _a250p. :ill. ;
650 _aPhysics
_xdictionaries.
700 _aClark, John.
942 _2lcc
_cREF_BOOK
_hREF QC 5 .F34 1999